USA - France - Olympic Games 2016 - Basketball - Statistics

General Stats
  • This quiz has been taken 147 times
  • The average score is 10 of 24
Answer Stats
Answer % Correct
Kevin Durant
75%
Rudy Gobert
73%
Nicolas Batum
64%
Klay Thompson
57%
Boris Diaw
54%
Carmelo Anthony
53%
Kyrie Irving
52%
Draymond Green
50%
Nando De Colo
48%
DeAndre Jordan
44%
DeMarcus Cousins
43%
DeMar DeRozan
41%
Kyle Lowry
40%
Jimmy Butler
38%
Paul George
36%
Vincent Collet
34%
Mike Krzyzewski
32%
Thomas Heurtel
31%
Florent Pietrus
27%
Mickaël Gelabale
26%
Antoine Diot
20%
Joffrey Lauvergne
20%
Charles Kahudi
10%
Kim Tillie
8%
No matching quizzes found
Score Distribution
Percent of People with Each Score
Percentile by Number Answered
Your Score History
You have not taken this quiz